| 000 | 00642nam a2200241Ia 4500 | ||
|---|---|---|---|
| 003 | OSt | ||
| 005 | 20220928103214.0 | ||
| 006 | a|||||r|||| 00| 0 | ||
| 007 | ta | ||
| 008 | 220927b |||||||| |||| 00| 0 eng d | ||
| 024 | _a89139 | ||
| 037 | _cTextual | ||
| 040 |
_aSDCL _cSDCL _beng |
||
| 041 |
_2eng _aeng |
||
| 082 | _aO15,2D40,1, N9 | ||
| 100 |
_aKalidas _9402855 |
||
| 245 | 0 | _aShakuntal. | |
| 260 |
_aNew Delhi _bRashtriya Natya Vidhalaya _c1999 |
||
| 300 |
_a203p. _ccm. |
||
| 700 |
_a Rakesh Mohen Tr. _9402856 |
||
| 942 |
_hO15,2D40,1, N9 _cTEXL _2CC |
||
| 999 |
_c718660 _d718660 |
||